00443nam a2200169Ia 4500999001700000003000400017005001700021008004100038040000900079082001800088100002500106245004900131260003000180300000800210650001300218942004200231 c11806d11806OSt20201117143937.0190216s9999||||xx |||||||||||||| ||und|| coclc a823.01bHEM/J aHemming, James94674 0aJimmy The Flint's Last Haul /cJames Hemming bLongmans,c1960.aLondon: a64p aSpeeches cBK2ddch823.01iHEM/Jk823.01mHEM/J